000 00683nam a2200229Ia 4500
003 OSt
005 20220918202421.0
006 a|||||r|||| 00| 0
007 ta
008 220917b |||||||| |||| 00| 0 eng d
024 _a101,073
037 _cTextual
040 _aARTS
_cARTS
_beng
041 _2eng
_aeng
082 _aV21:1:K7, J6 (Y1D)
100 _aArokiswami M
_9103634
245 0 _aKongu country
_b being the history of the modern districts of Coimbatore and Salem from the earliest times to the coming of the British
260 _c1956
650 _aHISTORY
942 _hV21:1:K7, J6 (Y1D)
_cTEXL
_2CC
999 _c224589
_d224589